[Event "SLO-ch U12"]
[Site "Rogaska Slatina"]
[Date "2009.02.24"]
[Round "5"]
[White "Stariha, Andraz"]
[Black "Zaloznik S, Domen"]
[Result "1-0"]
[WhiteElo "1515"]
[BlackElo "1556"]
[PlyCount "81"]
[EventDate "2009.02.22"]
[EventType "swiss"]
[EventRounds "9"]
[EventCountry "SLO"]
[SourceTitle "CBM 129 Extra"]
[Source "ChessBase"]
[SourceDate "2009.05.05"]
[SourceVersion "2"]
[SourceVersionDate "2009.05.20"]
[SourceQuality "1"]

1. e4 e5 2. Nf3 Nc6 3. Bc4 Nf6 4. Ng5 d5 5. exd5 Na5 6. Bb5+ c6 7. dxc6 bxc6 8. Be2 h6 9. Nf3 e4 10. Ne5 Bd6 11. Nc4 Nxc4 12. Bxc4 Qb6 13. 0-0 0-0 14. Nc3 Ng4 15. Nxe4 Bxh2+ 16. Kh1 Re8 17. f3 Bc7 18. fxg4 Rxe4 19. Bxf7+ Kh7 20. d3 Rxg4 21. Qe1 Bg3 22. Qe3 Rh4+ 23. Kg1 Bh2+ 24. Kf2 Rf4+ 25. Ke1 Qa5+ 26. Bd2 Rxf1+ 27. Kxf1 Qf5+ 28. Qf3 Qxf3+ 29. gxf3 Bh3+ 30. Kf2 Rf8 31. Rh1 Rxf7 32. Rxh2 Bg4 33. f4 g5 34. Kg3 Be6 35. fxg5 Bxa2 36. Rxh6+ Kg8 37. g6 Rg7 38. Bc3 Rd7 39. g7 Bb1 40. Rh8+ Kf7 41. g8Q+ 1-0

[Event "SLO-ch U12"]
[Site "Rogaska Slatina"]
[Date "2009.02.23"]
[Round "3"]
[White "Stariha, Andraz"]
[Black "Jarc, Jakob"]
[Result "1/2-1/2"]
[WhiteElo "1515"]
[BlackElo "1500"]
[PlyCount "110"]
[EventDate "2009.02.22"]
[EventType "swiss"]
[EventRounds "9"]
[EventCountry "SLO"]
[SourceTitle "CBM 129 Extra"]
[Source "ChessBase"]
[SourceDate "2009.05.05"]
[SourceVersion "2"]
[SourceVersionDate "2009.05.20"]
[SourceQuality "1"]

1. e4 d5 2. exd5 Qxd5 3. Nc3 Qa5 4. d4 c6 5. Bd2 Nf6 6. Ne4 Qb6 7. Nxf6+ exf6 8. Bc3 Bb4 9. Qd2 0-0 10. Bxb4 Re8+ 11. Be2 Bg4 12. 0-0-0 Bxe2 13. Nxe2 Rxe2 14. Qxe2 Qxb4 15. Qe8+ Qf8 16. Rhe1 Na6 17. Qd7 Rb8 18. Re7 g6 19. Rde1 Qh6+ 20. Kb1 Rf8 21. Re8 Rxe8 22. Rxe8+ Kg7 23. Qd8 Qxh2 24. Rg8+ Kh6 25. a3 Qxg2 26. Qxf6 Qg4 27. Qg7+ Kh5 28. Qe5+ Kh6 29. Qh2+ Kg5 30. Qg3 Qxg3 31. fxg3 Kg4 32. Rg7 f5 33. Rxb7 Kxg3 34. Rxa7 Nb8 35. Rxh7 f4 36. Rg7 f3 37. Rxg6+ Kf2 38. Kc1 Ke1 39. Rg1+ Ke2 40. Kb1 f2 41. Rh1 f1Q+ 42. Rxf1 Kxf1 43. Ka2 Ke2 44. Kb3 Kd2 45. c4 Kd3 46. d5 cxd5 47. cxd5 Kd4 48. Kb4 Kxd5 49. Kb5 Kd6 50. Kb6 Nd7+ 51. Kb5 Kc7 52. a4 Kb7 53. a5 Ne5 54. a6+ Ka7 55. Ka5 Nc4+ 1/2-1/2